[Event "Parana Agmer U2200"]
[Site "Parana"]
[Date "2017.06.10"]
[Round "3.1"]
[White "Ortiz, Jorge"]
[Black "Iglesias Romero, Jorge"]
[Result "0-1"]
[WhiteElo "1831"]
[BlackElo "1981"]
[PlyCount "114"]
[EventDate "2017.06.09"]
[EventType "swiss"]
[EventRounds "6"]
[EventCountry "ARG"]
[SourceTitle "EXT 2024"]
[Source "ChessBase"]
[SourceDate "2023.10.10"]
[SourceVersion "1"]
[SourceVersionDate "2023.10.10"]
[SourceQuality "1"]

1. e4 e6 2. d4 d5 3. exd5 exd5 4. c4 c6 5. Nc3 Nf6 6. Bd3 Be6 7. c5 b6 8. b4 a5 9. Na4 Nbd7 10. b5 Qc7 11. bxc6 Qxc6 12. Nxb6 Nxb6 13. cxb6 Qxb6 14. Ne2 Bd6 15. Rb1 Qc7 16. h3 0-0 17. 0-0 Ne4 18. Be3 f5 19. Rc1 Qe7 20. Bf4 Rac8 21. Qa4 g5 22. Bxd6 Qxd6 23. Rxc8 Bxc8 24. Qxa5 Re8 25. Rc1 f4 26. f3 Nf6 27. Qc5 Qe6 28. Qc6 Qe3+ 29. Kh2 Kg7 30. Qc3 g4 31. hxg4 Bxg4 32. Bb5 Bd7 33. Bxd7 Nxd7 34. Qxe3 fxe3 35. Rc3 Nb6 36. Rb3 Nc4 37. Kg3 Kf6 38. Rc3 Rg8+ 39. Kh2 Ra8 40. Rc2 Ke6 41. Nf4+ Kd6 42. Ne2 Ra3 43. Nc3 Ke6 44. g4 Nd2 45. Kg2 Ra8 46. Ne2 Kd6 47. f4 Rg8 48. Kg3 h5 49. g5 Ke6 50. Rc3 Ne4+ 51. Kf3 Nxc3 52. Nxc3 Rc8 53. Nd1 e2 54. Kxe2 Rc2+ 55. Ke3 Rxa2 56. Nf2 Kf5 57. Nd3 h4 0-1

[Event "ARG-ch sf U2300 Independencia"]
[Site "San Luis"]
[Date "2016.07.09"]
[Round "5.13"]
[White "Ortiz, Jorge"]
[Black "Jesse, Jose"]
[Result "1-0"]
[WhiteElo "1869"]
[BlackElo "1782"]
[PlyCount "109"]
[EventDate "2016.07.08"]
[EventType "swiss"]
[EventRounds "7"]
[EventCountry "ARG"]
[SourceTitle "EXT 2024"]
[Source "ChessBase"]
[SourceDate "2023.10.10"]
[SourceVersion "1"]
[SourceVersionDate "2023.10.10"]
[SourceQuality "1"]

1. e4 d5 2. exd5 Qxd5 3. Nc3 Qa5 4. d4 Nf6 5. Nf3 Bf5 6. Bd3 Bxd3 7. Qxd3 c6 8. 0-0 e6 9. Bd2 Bb4 10. a3 Bxc3 11. Bxc3 Qc7 12. Rfe1 0-0 13. Bd2 b5 14. c4 bxc4 15. Qxc4 Nbd7 16. Rac1 Rfc8 17. g3 Qb7 18. Qb4 Qb5 19. Ne5 a5 20. Qxb5 cxb5 21. Rxc8+ Rxc8 22. Nxd7 Nxd7 23. Bxa5 Nf6 24. Bc3 Kf8 25. Rc1 Ke8 26. Bd2 Rxc1+ 27. Bxc1 Kd7 28. f3 Kd6 29. b3 Nd5 30. Bd2 e5 31. dxe5+ Kxe5 32. a4 bxa4 33. bxa4 Kd6 34. a5 Kc6 35. Kf2 Kb5 36. Ke2 Ne7 37. Kd3 Nc6 38. Ke4 g6 39. Kd5 Ne7+ 40. Ke5 Nf5 41. f4 h5 42. Kf6 Nd6 43. Ke7 Ne4 44. Be1 f6 45. Kf7 g5 46. Kg6 h4 47. gxh4 gxh4 48. Kf5 Nc5 49. Kxf6 Nd3 50. Bd2 Nf2 51. Kf5 h3 52. Be3 Nd1 53. Bb6 Nc3 54. Kg4 Nd5 55. f5 1-0